| 000 | 00000nam 2200000za 4500 |
| 001 | 9.812569 |
| 003 | CaOODSP |
| 005 | 20221107141343 |
| 007 | cr ||||||||||| |
| 008 | 160502s2009 xxc |o f|0| 0 eng d |
| 040 | |aCaOODSP|beng |
| 043 | |an-cn--- |
| 086 | 1 |aR5-103/2009E-PDF |
| 110 | 1 |aCanada.|bIndian and Northern Affairs Canada.|bAudit and Assurance Services Branch. |
| 245 | 10|aAudit of the Elementary and Secondary Education Program |h[electronic resource] / |cprepared by Audit and Assurance Services Branch. |
| 260 | |a[Gatineau, Québec] : |bIndian and Northern Affairs Canada, |c2009. |
| 300 | |aiv, 38 p. : |btables. |
| 500 | |aMay 1, 2009. |
| 500 | |a"Project #08/25." |
| 500 | |aIssued also in French under title: Vérification du Programme d'enseignement primaire et secondaire. |
| 692 | 07|2gccst|aAudit |
| 775 | 08|tVérification du Programme d'enseignement primaire et secondaire |w(CaOODSP)9.816651 |
| 856 | 40|qPDF|s131 KB|uhttps://publications.gc.ca/collections/collection_2016/aanc-inac/R5-103-2009-eng.pdf |